01642nam a2200385 a 4500001001000000003000500010005001700015008004100032010001100073011001100084040000900095090001000104100004800114245018900162260004100351500006000392502009700452590003700549590004100586590004000627590004000667650002600707650003500733650003200768650002100800650003100821856001600852856007000868901000700938942001000945942000600955999001900961952013600980952014001116000111272CHAP20220329144205.0150126s2014 mx a fsm |||||||spa d a107734 a108706 cCHAP aTesis1 aCancino Ramírez, Harumy Guadalupe912911410aDiversidad, importancia ecológica y valor de usos de las especies en los huertos familiares de Ixtapangajoya, Chiapas, Méxicoh[En línea]cpor Harumy Guadalupe Cancino Ramírez. aChapingo, Méx. :bEl autor,c2014. aPara ver el contenido del material haga clic en la liga aTesis (Ing. Agr. Esp. en Zonas Tropicales) -- UACH. Unidad Regional Universitaria Sursureste aBATCHb00c20181121lUCH01h0759 aE11695DGDb10c20150129lUCH01h1139 aE5995AHEb05c20150126lUCH01h1118 aE5995AHEb05c20150126lUCH01h111914aBiodiversidad.91272414aBotánica económica.91465514aBotánicazChiapas.91463914aEspecies.93779014aHuertos familiares.956726 a1 n0001228 aFinding aiduhttp://10.13.5.2/tesis/sist111272.pdfzTeclea aquí aBK cTESIS n0 c107734d107734 00104054718TESISaBCbBCd2015-01-26fTESISl0oTesisp33724002444736r2019-12-31 00:00:00w2019-12-31yTESISzRecien adquirido 00102local4053708TESISaBCbBCcPA_TESISd2015-01-26fTESISl0oTesisp33724002444777r2019-12-31 00:00:00tc.2w2019-12-31yTESIS